ROAR by MINGI - ATEEZ - Statistics

General Stats
  • This quiz has been taken 9 times
  • The average score is 64 of 124
Answer Stats
Hint Answer % Correct
a
86%
problem
86%
WOAH the
86%
fix
71%
is
71%
now
71%
on!!
71%
such
71%
time
71%
woah
71%
*bbyongming adlobs* WOAH
71%
(MG)
jamkkan, jyaeneneun mot hae ireoke
gongyeon han beon mot chaeweo ireoke
geupina matchugo malhae
hamburo sseuji ma
ATEEZ
57%
drama
57%
in
57%
stuck
57%
theyre
57%
but
43%
fake
43%
ho
43%
HO
43%
hwanaeji ma nahante
bunsureul algo kapihae daeumeneun
ildan jangjeonhamyeon nan ssogo igeon machi
invasion
43%
name
43%
pure
43%
satire
43%
tag
43%
viral
43%
daegieopdo ttara haneun vision
43%
domino
29%
ah
14%
taraidoreun gaeppul dalleona gajigo wa hangugeuro chanyang geureun joa geugeon bimillo brr
14%
gisanim gosaenghaji uri ttaemune seutadiumeun mabi
sseuldeeopjana gongyeon keugiro jeouljileul hagien
eojjupjaneun pyeongnonga
seonbideureun sarajyeo jeo miteuro
sen cheokhaneun geopjaengideureun
sseureojyeo
like
14%
oh
14%
No matching quizzes found
Score Distribution
Percent of People with Each Score
Percentile by Number Answered
Your Score History
You have not taken this quiz